000 00614nam a2200229Ia 4500
003 OSt
005 20221007074149.0
006 a|||||r|||| 00| 0
007 ta
008 221006b |||||||| |||| 00| 0 eng d
024 _a24,004
037 _cTextual
040 _aFLL
_cFLL
_beng
041 _2eng
_aeng
082 _aZ2:21, H4
100 _aSubbarao G.C. Venkata
_9153942
245 0 _aLaw of property
260 _aMadras
_bThe Madras law journal office India
_c1944
300 _axlix,1-592p
_ccm.
942 _hZ2:21, H4
_cTEXL
_2CC
999 _c1151394
_d1151394